ბათუმის შოთა რუსთაველის სახელმწიფო უნივერსიტეტის ბიბლიოთეკა

ადამი და ევა ; წმინდანი და მართალნი მშობელნი ღმრთისანი იოაკიმე და ანა / (ბიბ.ჩანაწერი № 44969)

000 -ლიდერი
ფიქსირებული სიგრძის საკონტროლო ველი 02215nam a2200325Ia 4500
001 - საკონტროლო ნომერი
საკონტროლო ველი 11790
003 - საკონტროლო ნომრის იდენტიფიკატორი
საკონტროლო ველი GE_BSU
005 - ბოლო ოპერაციის თარიღი და დრო
საკონტროლო ველი 20240621164459.0
008 - ფიქსირებული სიგრძის მონაცემთა ელემენტები - ზოგადი ინფორმაცია
ფიქსირებული სიგრძის საკონტროლო ველი 181216s2014||||ge |||||||||||||| ||geo||
020 ## - წიგნის საერთაშორისო სტანდარტული ნომერი
International Standard Book Number 9789941216909
040 ## - კატალოგიზაციის წყარო
Transcribing agency GE_BSU
041 ## - ენის კოდი
Language code of text/sound track or separate title geo
080 ## - უნივერსალური ათობითი კლასიფიკაციის ინდექსი
Universal Decimal Classification number 27-36 ა–263
245 ## - ცნობა სათაურის შესახებ
Title ადამი და ევა ; წმინდანი და მართალნი მშობელნი ღმრთისანი იოაკიმე და ანა /
Statement of responsibility, etc შემდგენელი სოფიო თავაძე ; გარეკანის დიზაინერი ეთერ გზირიშვილი.
264 ## - წარმოების, გამოცემის, დისტრიბუციის და სხვა ცნობები
გამოცემის, წარმოების, დისტრიბუციის... ადგილი თბილისი :
გამოცემის, წარმოების, დისტრიბუციის... სახელწოდება პალიტრა L,
გამოცემის, წარმოების, დისტრიბუციის... თარიღი 2014.
300 ## - ფიზიკური აღწერა
Extent 158 გვ . ;
Dimensions 20 სმ.
490 ## - სერიის ცნობა
Series statement საქართველოს იმედი II : ყველა წმინდანი, რომელთა შესახებაც უნდა იცოდე, 2298-0547 / პროექტის რედაქტორი თამარ მამაცაშვილი ;
Volume number/sequential designation წ. 2.
500 ## - ზოგადი შენიშვნა
General note იბეჭდება სრულიად საქართველოს კათოლიკოს-პატრიარქის, უწმინდესისა და უნეტარესის ილია II-ის ლოცვა-კურთხევით
504 ## - BIBLIOGRAPHY, ETC. NOTE
Bibliography, etc ბიბლიოგრ. გვ. 157
653 ## - INDEX TERM--UNCONTROLLED
Uncontrolled term ადამი და ევა
653 ## - INDEX TERM--UNCONTROLLED
Uncontrolled term წმინდანი და მართალნი მშობელნი ღმრთისანის იოაკიმე და ანა
653 ## - INDEX TERM--UNCONTROLLED
Uncontrolled term ძველი აღთქმა
653 ## - INDEX TERM--UNCONTROLLED
Uncontrolled term ახალი აღთქმა
653 ## - INDEX TERM--UNCONTROLLED
Uncontrolled term წმინდანთა ცხოვრება
700 ## - ADDED ENTRY--PERSONAL NAME
Personal name თავაძე, სოფიო
Relator term შემდგენელი
9 (RLIN) 5013
700 ## - ADDED ENTRY--PERSONAL NAME
Personal name მამაცაშვილი, თამარ
Relator term პროექტის რედაქტორი
9 (RLIN) 22536
700 ## - ADDED ENTRY--PERSONAL NAME
Personal name გზირიშვილი, ეთერ
Relator term გარეკანის დიზაინერი
9 (RLIN) 2212
942 ## - ADDED ENTRY ELEMENTS (KOHA)
Koha item type წიგნი
Source of classification or shelving scheme
ეგზემპლარები
ჩამოწერის სტატუსი დაკარგული ეგზემპლარის სტატუსი კლასიფიკაციის წყარო ან თაროზე გაწყობის სქემა დაზიანების სტატუსი არ გაიცემა მუდმივი მდებარეობა (დაცვის ადგილი) ამჟამინდელი ადგილსამყოფელი თაროზე განთავსების ადგილი შეძენის თარიღი ღირებულება, შესყიდვის ნორმალური ფასი სრული შენახვის შიფრი შტრიხკოდი ბოლო ოპერაციის თარიღი ეგზემპლარის მიმდევრობითი ნომერი (კეტერი?) ფასის ძალაში შესვლის თარიღი ეგზემპლარის სახეობა საჯარო შენიშვნა
          ბათუმის შოთა რუსთაველის სახელმწიფო უნივერსიტეტის მთავარი ბიბლიოთეკა ბათუმის შოთა რუსთაველის სახელმწიფო უნივერსიტეტის მთავარი ბიბლიოთეკა წიგნსაცავი 2018-12-17 2.00 27-36 ა–263 26904 2018-12-17 26904 2018-12-17 წიგნი 2.00 ₾.